[Event "Pan American-ch U20"]
[Site "Pereira"]
[Date "2022.08.25"]
[Round "5"]
[White "Bermudez Rojas, Alejandro"]
[Black "Picasso Periche, Luis Willian Albert"]
[Result "0-1"]
[WhiteElo "1138"]
[BlackElo "1226"]
[PlyCount "104"]
[EventDate "2022.08.23"]
[EventType "swiss"]
[EventRounds "9"]
[EventCountry "COL"]
[SourceTitle "CBM 210 Extra"]
[Source "ChessBase"]
[SourceDate "2022.11.30"]
[SourceVersion "1"]
[SourceVersionDate "2022.11.30"]
[SourceQuality "1"]

1. e4 g6 2. d4 d6 3. Nf3 Bg7 4. Nc3 Nf6 5. Bc4 Bg4 6. Be3 0-0 7. 0-0 Nxe4 8. Nxe4 d5 9. Bd3 dxe4 10. Bxe4 Nc6 11. h3 Bxf3 12. Bxf3 Nxd4 13. Bxb7 Rb8 14. Be4 Rxb2 15. c3 Nb5 16. Bd3 Nxc3 17. Qg4 Qxd3 18. Bxa7 Rxa2 19. Rxa2 Nxa2 20. Rd1 Qa6 21. Be3 Nc3 22. Rf1 Rd8 23. Bg5 Qxf1+ 24. Kxf1 Rd1+ 25. Qxd1 Nxd1 26. Bxe7 Bd4 27. Bh4 c5 28. Ke1 Nc3 29. Kd2 Ne4+ 30. Ke2 g5 31. Bg3 f5 32. Bc7 Nxf2 33. Bb6 Ne4 34. Kd3 h5 35. Ba7 g4 36. h4 Bf2 37. Bb6 Bxh4 38. Ke3 Bg5+ 39. Kd3 h4 40. Ke2 c4 41. Ba5 c3 42. Bxc3 Nxc3+ 43. Kf1 f4 44. Kf2 Ne4+ 45. Kg1 g3 46. Kf1 f3 47. gxf3 h3 48. fxe4 g2+ 49. Kg1 Be3+ 50. Kh2 g1Q+ 51. Kxh3 Bf2 52. e5 Qg3# 0-1